00610 2200217 4500001002100000005001500021035002000036245004700056100001500103250001000118300003900128260003500167082001000202084001600212020001600228600004800244600003400292600003500326505001100361990002000372INLIS00000000000476020240104074738 a0010-01240000161 aJejak Sejarah Sains Genetika /cTrevor Day0 aTrevor Day aCet.2 a40 hlm, :bilus ;c17,5 x 24,5 cm. aBandung; :bPakar Raya,c2009. a575.1 a575.1 TRE j a979534285-1 aPengalih Bahasa,Ir.I Indriyati Wibisono M.P aPenggambar Ulang,Deni Sarjoko apengendali Mutu,AburiyATI,s.pD aIndeks a12449/P/BL/2016